История крупных терактов в России, начиная с 1999 года - Statistics

General Stats
  • This quiz has been taken 97 times
  • The average score is 5 of 16
Answer Stats
Год Террористический акт Последствия % Correct
2004 Удержание заложников в школе № 1 города Беслан Штурм здания школы с применением военной бронетехники, приведший к жертвам среди заложников
89%
2024 Расстрел посетителей "Крокус-Сити-Холл" в Москве [следим за развитием событий]
82%
2002 Теракт на Дубровке / Норд-Ост Штурм здания театра с применением высокотоксичных летучих отравляющих веществ, приведший к жертвам среди заложников
70%
2017 Взрыв в метро Санкт-Петербурга Усиление полномочий силовиков в метро
41%
1999 Взрывы жилых домов в Буйнакске, Волгодонске и Москве Расширение полномочий силового аппарата правительства страны
39%
1999 Предотвращённый теракт в жилом доме в Рязани Пресс-релиз ФСБ о ложной тревоге с последовавшим за ним широким общественным резонансом
32%
2004 Теракт в Грозном Убит действующий на тот момент глава Чеченской республики Ахмат кадыров
32%
2018 Массовое убийство в Керченском политехническом колледже Ликвидация некого 18-тилетнего Владислава Рослякова
30%
2014 Теракт в Грозном Так как теракт случился непосредственно перед мероприятием, приуроченным к региональному празднику, пострадали только представители органов внутренних дел
29%
2011 Взрыв в терминале аэропорта "Домодедово" в Москве Усиление полномочий силовиков в аэропортах
23%
2013 Взрывы автобуса и ж/д-вокзала в Волгограде Рост исламофобских настроений в Поволжье
21%
2004 Взрывы в Московском метрополитене Усиление полномочий силовиков в столичном метро
10%
2017 Серия инцидентов в крупных кинотеатрах из-за проката фильма "Матильда" Ущерб, нанесённый кинотеатрам радикальными традиционалистами, возмещён не был, поток зрителей временно сильно уменьшился
7%
2005 Теракт в Махачкале Гибель военнослужащих национальной гвардии, направлявшихся в общественную баню
6%
2002 Теракт в Каспийске Гибель 43 человек во время парада 9 мая
4%
2018 Подрыв здания управления ФСБ в Архангельске Более пристальное внимание со стороны силовиков к тем, кто определяет себя анархистами
2%
No matching quizzes found
Score Distribution
Percent of People with Each Score
Percentile by Number Answered
Your Score History
You have not taken this quiz